000 00467nam a22001697a 4500
003 BD-ChCU
005 20251218113837.0
008 251218b bg ||||| |||| 00| 0 ben d
040 _cBD-ChCU
082 _a370.15 STP
100 _aStoops , Emery.
_918332
245 _aPrinciples and practices in guidance ./
_cEmery , Stoops .
260 _aNew York :
_bMcGraw -hill
_cC 1958
300 _a369p
650 0 _aEducational Psychology.
_918333
942 _2ddc
_cBK
_n0
999 _c110549
_d110549